Регионална библиотека "Любен Каравелов" - Русе

Nationaleinkommen und Lebensstandard (Запис номер 474651)

MARC детайли
000 -Лидер
Контролно поле с фиксирана дължина nam a22 a 4500
003 - Код на организацията, давaща контролен номер
Контролно поле BLK
005 - Дата и час на последна редакция
Контролно поле 20220930093050.0
008 - Елементи от данни с фиксирана дължина
fixed length control field 180411b bul|||||r ||||||| ||bul||
040 ## - Източник на каталожния запис
Идентификатор на билиотеката - собственик на записа BLK
041 ## - Код за език
Код за езика на текст/звукозапис или на отделно заглавие Немски
Код за езика КДБФ Немски
080 ## - УДК
Текстов определител УДК Икономическо положение. Икономическа политика. Управление. Планиране. Производство. Услуги. Цени
УДК код - определител по УДК 338
УДК определител (497.2)
УДК - код + определител 338(497.2)
100 ## - Редна дума - Автор
Автор Bakardziev, Petar
Авторска отговорност първи автор
R(LIN) 479604
139 ## - Редно поле
Редна дума Bakardziev, Petar
245 ## - Сведения за заглавието
Заглавие Nationaleinkommen und Lebensstandard
Подзаглавни данни [Очерк]
Редно поле (дума) Peter Bakardshiev ; прев. от бълг.
257 ## - Страна на издаване
Страна на създаване/издаване България
260 ## - Област на издателските данни
Място на издаване, разпространение и проч. Sofia
Име на издателя, разпространителя и проч. Sofia-Press
Година на издаване 1974
9 (RLIN) 217007
300 ## - Физическа характеристика
Страници 48 с.
Илюстрации и др. с ил.
Размери/Мащаб 20 см
380 ## - Жанр
Жанр Обществени науки
490 ## - СЕРИИ (Колекции)
9 (RLIN) 479637
Име на серия 30 Jahre seit der sozialistischen Revolution in Bulgarien
500 ## - Общи забележки
Забележка Прев. е направен от ръкоп.
650 #0 - Допълнително описание по предмет – тема
Основно описание – тема или топоним Икономика - България
9 (RLIN) 277745
700 1# - Други автори (авторска отговорност)
Лично име Бакърджиев, Петър
9 (RLIN) 35722
852 ## - Местоположение
Форматна сигнатура Цб 72038
Фондова буква Хранилище
999 ## - СИСТЕМНИ КОНТРОЛНИ НОМЕРА
Koha biblionumber 474651
Koha biblioitemnumber 474651
942 ## - АРТИКУЛИ
Вид на библиотечния материал Книги
Скрит в OPAC Не
Периодичен библиозапис Да
944 ## - СЪЗДАВАНЕ И РЕДАКЦИЯ на ЗАПИСА
Създаване/Редакция Създаване
Служител, извършил регистрацията/редакцията Кети
Наличности
Код за отписване Код за изгубен артикул Източник на класификационната схема Код за повреда Коз за рестрикции Код за отдаване Артикулен № Име на библиотеката - собственик Име на библиотеката, в която се намира в момента Статус (Текущо местоположение) Дата на вписване в системата Местоположение - отдел Цена в лева Инвентарен номер Систематично азбучна сигнатура Баркод Цена в евро Служебен тип на артикула
  Не е изгубен Universal Decimal Classification Не е повреден само за читалня ползва се в читалня 906413 Регионална библиотека "Любен Каравелов" Русе Регионална библиотека "Любен Каравелов" Русе Хранилище 2022-10-04 Хранилище 0.25 167014 Цб 72038 120000167014 0.13 Книги
Vip Innovations Ltd, Rousse, Bulgaria 2025